- Serrano Castañeda, José Antonio
Entry Nombre Personal
001 - NUMERO DE CONTROL
- campo de control: 30005
003 - IDENTIFICADOR DE NUMERO DE CONTROL
- campo de control: DLC
005 - FECHA Y HORA DE LA ÜLTIMA TRANSACCIÓN
- campo de control: 20230213124242.0
008 - DATOS DE LONGITUD FIJA
- campo de control de longitud fija: 081120n| azannaabn |a aaa c
010 ## - NÚMERO DE CONTROL DE LA BIBLIOTECA DEL CONGRESO
- Número de control LC: no2008172533
024 7# - OTROS IDENTIFICADORES NORMALIZADOS
- Número normalizado o código: 0000-0002-7272-7001
- Fuente: orcid
035 ## - NUMERO DE CONTROL
- Número de control: (OCoLC)oca07943448
040 ## - FUENTE DE CATALOGACIÓN
- Agencia original de catalogación: MX-MxBN
- Lenguaje de catalogación: spa
- Description conventions: rda
- Agencia de transcripción: MX-MxBN
- Agencia que lo modifica: DLC
- Agencia que lo modifica: MX-MxUPN
100 1# - ENCABEZAMIENTO - NOMBRE PERSONAL
- Nombre personal: Serrano Castañeda, José Antonio
370 ## - LUGAR ASOCIADO
- Associated country: España
- Associated country: México
- Fuente del término: naf
371 ## - DIRECCIÓN
- Electronic mail address: serrano_aj@yahoo.com.mx
372 ## - CAMPO DE ACTIVIDAD
- Field of activity: Educación
373 ## - GRUPO ASOCIADO
- Associated group: Universitat de Barcelona
- Associated group: Universidad Pedagógica Nacional (México)
- Fuente del término: naf
374 ## - OCUPACIÓN
- Occupation: Educador
377 ## - LENGUA ASOCIADA
- Language code: spa
400 1# - VEÁSE - NOMBRE DE PERSONA
- Personal name: Castañeda, José Antonio Serrano
400 1# - VEÁSE - NOMBRE DE PERSONA
- Personal name: Serrano, J. A.
- Fuller form of name: (José Antonio Serrano Castañeda)
670 ## - FUENTE EN LA QUE SE LOCALIZARON DATOS
- Cita de la fuente: Hacer pedagogía : sujetos, campo y contexto..., 2007:
- Información localizada: portada (José Antonio Serrano Castañeda)
670 ## - FUENTE EN LA QUE SE LOCALIZARON DATOS
- Cita de la fuente: Encuentro de saberes, febrero de 2017:
- Información localizada: portada (José Antonio Serrano Castañeda) página 27, etc. (doctorante en Pedagogía por la Univ. de Barcelona; profesor de la Universidad Pedagógica Nacional, México; correo electrónico: serrano_aj@yahoo.com.mx)
670 ## - FUENTE EN LA QUE SE LOCALIZARON DATOS
- Cita de la fuente: John Dewey : participación democrática y educación, 2019:
- Información localizada: portada (José Antonio Serrano Castañeda, coordinador)
902 ## - CATALOGADOR
- Catalogador: Víctor Ruiz/130223
